| 000 | 00472nam a2200193Ia 4500 | ||
|---|---|---|---|
| 003 | LK-CoDNM | ||
| 005 | 20240325132011.0 | ||
| 008 | 010623t1952 xxu||||| |||| 00| 1 sin d | ||
| 040 |
_aLK-CoDNM _dLK-CoDNM _eLK-CoDNM |
||
| 041 | _asin | ||
| 080 | _aගි15 | ||
| 100 | _aPerera,P.B.Alwis | ||
| 245 | _aදේදුන්න | ||
| 246 | _aDeedunna | ||
| 260 |
_bP.B.Alwis Perera _aColombo _c1952 |
||
| 300 |
_bDamaged _a20p.,21 cm |
||
| 650 | _aPoetry | ||
| 942 | _cBK | ||
| 999 |
_c102646 _d102646 |
||